000
00357nam a2200133Ia 4500
003
GCL
008
140319s9999 xx 000 0 ara d
040
_a
GCL /
_c
GCL
082
0
4
_a
813.03
_b
م ر
245
1
0
_a
الرحيل الى الزمن الدامى
260
_a
[S.N] :
_b
الدار العربية للكتاب ،
_c
1988
300
_a
128 ص
490
_a
999
_c
35597
_d
35597